书目信息 |
| 书名: | The dawn of animal life | |
| 作者: | Martin F. Glaessner | |
| 分册号: | ||
| 分册名: | 出版地: | Cambridge ; |
|
| 出版社: | Cambridge University Press | |
| 出版时间: | 1984. | |
| 页数: | xi, 244 p. : | |
| 开本: | 24 cm. | |
| 丛书名: | Cambridge earth science series | |
| 中图分类号: | ||
| 科图分类号: | ||
| 其他分类号: | Q911 | |
| 主题词: | ||
| 电子资源: | ||
| 000 | 01020nam 2200313 a 4500 | |
| 001 | E0755243256 | |
| 005 | 20070226152055.76 | |
| 008 | 00110 eng | |
| 008 | uu | |
| 010 | @a83005188 //r882 | |
| 020 | @a0521235073. | |
| 049 | @aN5LA | |
| 050 | 0 | @aQE770 @b.G54 1984 |
| 082 | 0 | @a562 @219 |
| 090 | @a2-85/Q915.2/G54/////////760203 | |
| 090 | @aQ911 | |
| 096 | @aQ915.2 @v2 | |
| 099 | @dQ911@ex1 | |
| 100 | 10 | @aGlaessner, Martin F. @q(Martin Fritz), @d1906- |
| 245 | 14 | @aThe dawn of animal life / @cMartin F. Glaessner |
| 260 | 0 | @aCambridge ;@aNew York :@bCambridge University Press,@c1984. |
| 300 | @axi, 244 p. :@bill. ;@c24 cm. | |
| 440 | 0 | @aCambridge earth science series |
| 500 | @aIncludes indexes. | |
| 504 | @aBibliography: p. 218-237. | |
| 650 | 0 | @aMarine invertebrates @xEvolution. |
| 650 | 0 | @aPaleontology @yPrecambrian. @b00 @c20020930 @lNLC09 @h2248 @lNLC09 @h2327 @lNLC09 @h1918 |
| 650 | 0 | @aInvertebrates, Fossil. |
| 852 | 9 | @bWWJC @cJ08N @k2-85 @hQ915.2 @iG54 |
| The dawn of animal life / / Martin F. Glaessner.-Cambridge ; ; New York : : Cambridge University Press, , 1984. |
| xi, 244 p. : : ill. ; ; 24 cm.- (Cambridge earth science series ) |
| Includes indexes.-Bibliography: p. 218-237. |
| ISBN 0521235073. |
| ● |
| 相关链接 |
|
|
|
|
正题名:dawn of animal life
索取号:Q911/x1
 
预约/预借
| 序号 | 登录号 | 条形码 | 馆藏地/架位号 | 状态 | 备注 |
| 1 | 184190 | 000634120 | 第四借阅区/ [索取号:Q911/x1] | 在馆 |